| 000 | 00834nam a2200229Ia 4500 | ||
|---|---|---|---|
| 001 | 9088 | ||
| 003 | GE_BSU | ||
| 008 | 181216s||||||||xx |||||||||||||| ||und|| | ||
| 040 | _cGE_BSU | ||
| 080 | _a821-353.1-32+821.353.1-31 | ||
| 100 | _aლანჩავა,თეიმურაზ | ||
| 245 | _aჩემი სიკვდილის სინათლე | ||
| 245 | _bმოთხრობები,რომანები | ||
| 245 | _cრედ:ნინო ახალკაცი;მხატვ:ო.ქანდარია | ||
| 260 | _aთბილისი. | ||
| 260 | _bმერანი. | ||
| 260 | _c1990 | ||
| 300 | _a415გვ;20სმ. | ||
| 653 | _aმოთხრობები,რომანები | ||
| 653 | _aჩემი სიკვდილის სინათლე | ||
| 942 | _cBK | ||
| 999 |
_c42392 _d42392 |
||